000 00567nam a2200205Ia 4500
001 18883
003 GE_BSU
008 181216s||||||||xx |||||||||||||| ||und||
040 _cGE_BSU
245 _aФармация. №5.том 65. 2016
245 _bнаучно -практический журнал
245 _cГл. ред.И.А.Самылина
260 _aМосква
260 _c2016
300 _a56стр,28см
653 _aПериодика
653 _aФармация. №5.2016
653 _aპერიოდიკა
942 _cCR
999 _c51884
_d51884